The Clues are in German - Christmas - Statistics

General Stats
  • This quiz has been taken 63 times
  • The average score is 11 of 15
Answer Stats
Hint Answer % Correct
In welcher Stadt wurde laut Bibel Jesus geboren? Bethlehem
96%
Auf deutsch heißt er Weihnachtsmann, auf französisch Père Noël. Und auf Englisch? Santa Claus
88%
Welches Rentier hat eine rote Nase? Rudolph
86%
Die heiligen drei Könige brachten neben Gold und Myrrhe welches Geschenk? Weihrauch
84%
Wird von einem 24-türigen Kalender begleitet und beginnt mit dem vierten Sonntag vor Weihnachten Advent
82%
Was macht man unter einem Mistelzweig? küssen
82%
Ballett von Tschaikowski Der Nussknacker
81%
Welche Charles Dickens-Figur findet, dass Weihnachten "Humbug" ist? Ebenezer Scrooge
81%
Was bedeutet "Feliz Navidad"? Frohe Weihnachten
81%
Welches grüne Wesen von Dr. Seuss will Weihnachten stehlen? der Grinch
79%
Auf welches Datum fällt der Boxing Day? 26. Dezember
72%
Wer sang die bekannteste Version von "White Christmas"? Bing Crosby
60%
Jene Könige heißen Kaspar, Melchior und ...? Balthasar
56%
Auf Rot- oder Weißwein basierendes Gewürzgetränk Glühwein
42%
Welches Land veranstaltet um Weihnachten die größte Lotterie der Welt? Spanien
32%
No matching quizzes found
Score Distribution
Percent of People with Each Score
Percentile by Number Answered
Your Score History
You have not taken this quiz